Statistics for team fortress 2 characters

Click here to take the quiz!

General Stats

  • This quiz has been taken 1,205 times
  • The average score is 9 of 9

Answer Stats

Answer% Correct
heavy
98%
spy
98%
medic
97%
scout
97%
sniper
97%
pyro
96%
soldier
93%
demoman
92%
engineer
92%

Score Distribution

Percentile by Number Answered

Percent of People with Each Score

Your Score History

You have not taken this quiz